Technological Innovations Development Impact to the Labour Market: Structural Unemployment Case

V súčasnosti zažívajú niektoré krajinu vysokú mieru nezamestnanosti, ktorá pozostáva najmä zo štrukturálnej nezamestnanosti. Analýza vývoja inovácií, ich dopad na trh práce a identifikácia poznatkov, ktoré by pomohli rozvíjať udržateľné stratégie. Identifikácia termínu "zotrvačnosť trhu práce", t.j....

ver descrição completa

Na minha lista:
Detalhes bibliográficos
Autor principal: Srovnalíková, Paulína
Outros Autores: Gruzauskas, Valentas, Navickas, Valentinas
Formato: Capítulo de Livro
Idioma:inglês
Assuntos:
Tags: Adicionar Tag
Sem tags, seja o primeiro a adicionar uma tag!

MARC

LEADER 00000nla a2200000 4500
001 0245659
005 20240502073943.5
041 0 |a eng 
044 |a SK 
245 1 0 |a Technological Innovations Development Impact to the Labour Market: Structural Unemployment Case  |c Paulína Srovnalíková, Valentas Gruzauskas, Valentinas Navickas 
520 |a V súčasnosti zažívajú niektoré krajinu vysokú mieru nezamestnanosti, ktorá pozostáva najmä zo štrukturálnej nezamestnanosti. Analýza vývoja inovácií, ich dopad na trh práce a identifikácia poznatkov, ktoré by pomohli rozvíjať udržateľné stratégie. Identifikácia termínu "zotrvačnosť trhu práce", t.j. oneskorenie medzi časom rekvalifikácie pracovnej sily a novým požiadavkami na pracovné pozície. 
610 2 0 |a trh práce 
610 2 0 |a nezamestnanosť 
610 2 0 |a nezamestnanosť štruktúrna 
610 2 0 |a rekvalifikácia 
610 2 0 |a technológie nové 
610 2 0 |a inovácie technologické 
100 1 |a Srovnalíková, Paulína 
700 1 |a Gruzauskas, Valentas 
700 1 |a Navickas, Valentinas